01843 2200265 4500001002100000005001500021035002000036007000300056008004100059020001800100082001100118084001700129100003100146245011200177250002000289300003000309650001200339700003400351520107200385264003001457336002101487337003001508338002301538990001601561INLIS00000000000051320260430093424 a0010-0426000512ta260430 g 0 ind  a9789792935332 a005.74 a005.74 WAH m0 aWahana KomputerePengarang1 aMembangun aplikasi database dengan visual basic 2012 /cPenulis,Wahana Komputer ; Editor,Th. Arie Prabawati aCetakan Pertama a202 :bIlustrasi ;c23 cm 4aDaabase0 aTh. Arie PrabawatiePengarang aMembangun Aplikasi Database dengan Visual Basic 2012 Visual Basic merupakan salah satu bahasa pemrograman yang berorientasi pada objek (Object Oriented Programming) yang bersifat klasik karena telah banyak dipakai untuk pembuatan aplikasi -aplikasi oleh programmer-programmer diberbagai dunia. Visual Basic dapat digunakan untuk membangun berbagai aplikasi database di lingkungan Windows, salah satunya adalah Sistem Informasi Akademik Sederhana dengan Visual Basic 2012, yang akan dibahas dalam buku ini. Buku Membangun Aplikasi Database dengan Visual Basic 2012 ini membahas tentang pembuatan Sistem Informasi Akademik menggunakan bahasa pemrograman berbasis Visual Basic 2012. Buku ini membahas secara singkat dan jelas tahap-tahap yang dilakukan dalam pembuatan Sistem Informasi Akademik sederhana dengan Visual Basic 2012. Dari pembuatan database, pembuatan form hingga dihasilkan laporan-laporan yang dibutuhkan. Dengan adanya pembahasan di dalam buku ini, diharapkan seorang programmer pemula dapat membuat pemrograman-pemrograman database lain dan sejenisnya. aYogyakarta :bANDI,c2013 2rdacontentaTeks 2rdamediaaTanpa Perantara 2rdacarrieraVolume aPP000995/19